Statistics for Greys Anatomy Scrub Caps Quiz

Click here to take the quiz!

General Stats

  • This quiz has been taken 76 times
  • The average score is 3 of 17

Answer Stats

HintAnswer% Correct
Derek ShepherdFerry Boats
74%
Miranda BaileyBlue
72%
Meredith GreyPurple
43%
Teddy AltmanBirds
28%
Mark SloanDark Blue
23%
Jackson AveryDark Blue
23%
Arizona RobbinsPink Flowers
6%
Amelia ShepherdGalaxy
5%
Alex KarevTrees
5%
Jo WilsonBlue Hexagons
3%
Richard WebberDark Blue Flowers
3%
Tom KoracickDice
3%
Callie TorresMusic Notes
3%
Maggie PiercePeacock Feathers
3%
Cristina YangPurple Lines
3%
Owen HuntYellow Triangles
3%
Atticus LincolnPalm Trees
2%

Score Distribution

Percentile by Number Answered

Percent of People with Each Score

Your Score History

You have not taken this quiz